Energeticko-palivový priemysel Tepláreň Zvolen : Diplomová práca
Gespeichert in:
| 1. Verfasser: | |
|---|---|
| Weitere Verfasser: | |
| Format: | Manuskript Buch |
| Sprache: | Slowakisch |
| Veröffentlicht: |
Trnava :
STU v Bratislave MtF KEBI,
2002
|
| Schlagworte: | |
| Tags: |
Keine Tags, Fügen Sie das erste Tag hinzu!
|
MARC
| LEADER | 00000ntm a22000003a 4500 | ||
|---|---|---|---|
| 001 | stu76890 | ||
| 005 | 20160719155037.9 | ||
| 008 | 020731s2002----xo------------------slo-d | ||
| 040 | |a STU |b slo | ||
| 041 | 0 | |a slo | |
| 044 | |a xo | ||
| 100 | 1 | |a Spáčová, Ľubomíra |4 aut | |
| 245 | 1 | |a Energeticko-palivový priemysel Tepláreň Zvolen : |b Diplomová práca | |
| 260 | |a Trnava : |b STU v Bratislave MtF KEBI, |c 2002 | ||
| 300 | |a 75 s |c abstr. | ||
| 650 | 7 | |a tepelné elektrárne |2 stusub | |
| 650 | 7 | |a spaľovanie palív |2 stusub | |
| 650 | 7 | |a životné prostredie |2 stusub | |
| 700 | 1 | |a Wittlinger, Viktor, |d 1937- |4 xxx |u M390 |U MTF Materiálovotechnologická fakulta |T MTF Katedra environmentálneho a bezpečnostného inžinierstva |X 3600 |U M390 |Y 177 |7 A000003600 | |